| 000 | 00948nam a2200253 i 4500 | ||
|---|---|---|---|
| 001 | bg | ||
| 245 | 0 | 0 |
_aStan czystości rzek, jezior i Bałtyku : _bna podstawie wyników badań wykonywanych w ramach państwowego monitoringu środowiska w latach 1994-1995 / _caut. Dorota Cydzik [et al.] ; Państwowa Inspekcja Ochrony Środowiska. |
| 260 |
_aWarszawa : _b"Oikos" : _bnakł. PIOŚ, _c1996. |
||
| 300 |
_a172 s. : _bmapy, rys., wykr. ; _c24 cm. |
||
| 490 | 1 | _aBiblioteka Monitoringu Środowiska | |
| 504 | _aBibliogr. s. 165-167. | ||
| 650 | 9 |
_aWoda morska _xchemia _zPolska |
|
| 650 | 9 |
_aWody śródlądowe _xhigiena _zPolska |
|
| 651 | 9 |
_aBałtyk _xhigiena _zPolska |
|
| 700 | 1 | _aCYDZIK, Dorota. | |
| 830 | _aBiblioteka Monitoringu Środowiska | ||
| 020 | _a8387166057 (PIOŚ) | ||
| 040 | _cBPK | ||
| 041 | 0 | _apl | |
| 080 | _a504.4.05(438) | ||
| 920 | _a83-87166-05-7 (PIOŚ) | ||
| 942 | _cKS | ||
| 008 | s pl f |000 0 pol | ||
| 999 |
_c31474 _d31474 |
||
| 856 |
_uhttp://koha.tu.koszalin.pl/cgi-bin/koha/opac-detail.pl?biblionumber=31474 _yKatalog online BPK |
||